000 00560nam a22002417a 4500
003 UA-OsUOA
001 86999
007 ta
008 20120913b un ||||| |||| 00| 0 ukr d
100 _aАндреев Ю.
090 _a82.09
_bФ 65
942 _cBK
040 _aUA-OsUOA
_brus
_cUA-OsUOA
_dUA-OsUOA
245 _aСоветская литература
300 _a319 с.
955 _a3
041 _arus
080 _a82.09
020 _a5-09-000537-0
260 _aМ.
_bПросвещение
_c1988
650 7 _2UDC
999 _c373215
_d373215